| 000 | 00526nam a2200193Ia 4500 | ||
|---|---|---|---|
| 001 | 12799 | ||
| 003 | GE_BSU | ||
| 008 | 181216s||||||||xx |||||||||||||| ||und|| | ||
| 040 | _cGE_BSU | ||
| 080 | _a631.4(035) | ||
| 245 | _aТолковый словарь по почвоведению | ||
| 245 | _cОтв.ред.А.А.Роде | ||
| 260 | _aМосква | ||
| 260 | _bНаука | ||
| 260 | _c1975 | ||
| 300 | _a286стр.22см. | ||
| 653 | _aТолковый словарь по почвоведению | ||
| 942 | _cBK | ||
| 999 |
_c45970 _d45970 |
||